El maestro francés ó sea Gramática franco-española

Guardado en:
Detalles Bibliográficos
Autor principal: Laverdure, G. Justino E.
Formato: Libro
Lenguaje:español
Publicado: Oviedo : Imp. y Lit. de Vicente Brid, 1878
Edición:6ª ed.
Catálogo:MANES:  Resultados de Búsqueda del Catálogo
Clasificación de libros de texto:
Etiquetas: Agregar Etiqueta
Sin Etiquetas, Sea el primero en etiquetar este registro!
Añadido a:2019-02-09
Cambiado en:2025-05-07

MARC

LEADER 00000cam a2200000 4500
005 20250507134619.0
008 190210S1878 0esp p 0000 00spa0d
040 |a uned  |b spa  |c entro-manes 
041 0 |a spa 
100 1 |a Laverdure, G. Justino E.  |9 41457 
245 1 3 |a El maestro francés ó sea Gramática franco-española  |c por G. Justino E. Laverdure 
250 |a 6ª ed. 
260 |a Oviedo :  |b Imp. y Lit. de Vicente Brid,  |c 1878 
300 |a 358 p. 
546 |a España 
561 |5 es-BUNED  |3 L.T. 1121  |a España. Fondo Manes UNED  |k MANES 
690 0 |a LE 
942 |2 ddc  |c BK 
999 |c 98620  |d 98620 
999 |c manes:98620  |d 98620